Games From Gym Class - Statistics

General Stats
  • This quiz has been taken 7 times
  • The average score is 4 of 15
Answer Stats
Hint Answer % Correct
Cover Of This Quiz. Dodgeball
86%
Do Acrobatics On Those Blue Mats Everyone Had. Gymnastics
57%
Versions Of This Are Indoors And Beach Volleyball
57%
In 2nd Question Hint. Jumprope
43%
Fight For A Rope. Tug Of War
43%
Sport. That's All You Need. Basketball
29%
Throw Balls At Each Other. Get All Of Your Pilllars Knocked Out To Lose, Be The Last Team With Pillars To Win. Battleship
14%
I Made This Game Up. Throw Cloth At Each Other. Cloth Thief
14%
I Touched You, Ice Boy. Freeze Tag
14%
This Is A Seizure Version Of Table Tennis. Hit & Smash
14%
Run Around Gym, Don't Get Tagged, Stay On One Course. Pacman Tag
14%
Jumping Over Spinning Jumpropes. Poisonous Snake
14%
BREAK THE ARMS Red Rover
14%
STACK THE FREAKING MUGS Cup Stack
0%
Parkour! (That Was The Same Description For Reflex Ridge On My Name Every Kinect Adventures Game Quiz) Obstacle Course
0%
No matching quizzes found
Score Distribution
Percent of People with Each Score
Percentile by Number Answered
Your Score History
You have not taken this quiz